[Event "Doeberl Cup 61st"]
[Site "Canberra"]
[Date "2024.03.31"]
[Round "8"]
[White "Chen, Peng"]
[Black "Morris, James"]
[Result "1-0"]
[WhiteElo "2450"]
[BlackElo "2418"]
[PlyCount "107"]
[EventDate "2024.03.28"]
[EventType "swiss"]
[EventRounds "9"]
[EventCountry "AUS"]
[SourceTitle "CB14_2024"]
[SourceDate "2024.04.01"]
[SourceVersion "1"]
[SourceVersionDate "2024.04.01"]
[SourceQuality "1"]

1. e4 c5 2. Nf3 e6 3. d4 cxd4 4. Nxd4 Nf6 5. Nc3 Nc6 6. Ndb5 Bc5 7. Nd6+ Ke7 8. Nxc8+ Rxc8 9. Bd3 a6 10. 0-0 d6 11. Kh1 Ke8 12. Qe1 h5 13. Bg5 Qa5 14. Bd2 Qc7 15. a3 Bd4 16. Rb1 Ne5 17. Nd1 Kd7 18. Qe2 Nxd3 19. cxd3 Qc2 20. Ne3 Bxe3 21. Qxe3 Qb3 22. Bc3 Rc5 23. Qg3 Ne8 24. f4 h4 25. Qh3 Rhh5 26. d4 Rb5 27. d5 g6 28. Rbd1 Kc8 29. a4 Rc5 30. Rd3 Qc4 31. Bd4 Rc7 32. b3 Qc2 33. Bb6 Qe2 34. Rdd1 Qxe4 35. Bxc7 Kxc7 36. Rc1+ Kd7 37. dxe6+ fxe6 38. Rfe1 Qf5 39. Qc3 Qd5 40. Red1 Qe4 41. Qc8+ Ke7 42. Re1 Qd5 43. Rcd1 Qf5 44. Qxb7+ Kf6 45. h3 a5 46. Qc8 Ke7 47. Qb7+ Kf6 48. Qd7 Rh8 49. Qd8+ Kf7 50. Rxd6 Nxd6 51. Qxh8 Qxf4 52. Qe5 Qf2 53. Qxe6+ Kg7 54. Qe3 1-0

[Event "Begonia op 58th"]
[Site "Ballarat"]
[Date "2024.03.11"]
[Round "7"]
[White "Wallis, Christopher"]
[Black "Morris, James"]
[Result "0-1"]
[WhiteElo "2248"]
[BlackElo "2418"]
[PlyCount "116"]
[EventDate "2024.03.09"]
[EventType "swiss"]
[EventRounds "7"]
[EventCountry "AUS"]
[SourceTitle "CB11_2024"]
[SourceDate "2024.03.13"]
[SourceVersion "1"]
[SourceVersionDate "2024.03.13"]
[SourceQuality "1"]

1. c4 e5 2. Nc3 Bb4 3. Nd5 a5 4. Nf3 d6 5. e3 Nf6 6. Nxb4 axb4 7. d3 0-0 8. Be2 c5 9. 0-0 Nc6 10. b3 d5 11. cxd5 Qxd5 12. Bb2 Bg4 13. h3 Bh5 14. Qc2 Rfd8 15. Rfd1 h6 16. d4 cxd4 17. exd4 e4 18. Ne5 Bxe2 19. Qxe2 Ra6 20. Nc4 Ne7 21. Ne3 Qe6 22. Qb5 Nfd5 23. Qxb7 Nxe3 24. fxe3 Nd5 25. Re1 Rb6 26. Qa7 Qg6 27. Re2 Qc6 28. Rc1 Qb5 29. Rf2 Rb7 30. Qc5 Qd3 31. Re1 Qa6 32. Qc4 Qa5 33. Ba1 Rc7 34. Qe2 Rdc8 35. Qh5 g6 36. Qe5 Re7 37. Qd6 Qb5 38. Ref1 Re6 39. Qg3 Rc7 40. Qh4 Kg7 41. Qg4 Qd3 42. Qe2 Qxe2 43. Rxe2 Rec6 44. Rfe1 f5 45. g4 fxg4 46. hxg4 Kf6 47. Kf2 Kg5 48. Kg3 Rf7 49. Bb2 Rf3+ 50. Kg2 Kxg4 51. Bc1 h5 52. Bd2 h4 53. Rc1 Rg3+ 54. Kh2 Rxc1 55. Bxc1 Kf3 56. Re1 Kf2 57. Bd2 Nf6 58. Bxb4 Ng4+ 0-1

[Event "Begonia op 58th"]
[Site "Ballarat"]
[Date "2024.03.09"]
[Round "2"]
[White "Morris, James"]
[Black "Stojic, Svetozar"]
[Result "1-0"]
[WhiteElo "2418"]
[BlackElo "1939"]
[PlyCount "73"]
[EventDate "2024.03.09"]
[EventType "swiss"]
[EventRounds "7"]
[EventCountry "AUS"]
[SourceTitle "CB11_2024"]
[SourceDate "2024.03.13"]
[SourceVersion "1"]
[SourceVersionDate "2024.03.13"]
[SourceQuality "1"]

1. e4 c5 2. Nf3 d6 3. d4 cxd4 4. Nxd4 Nf6 5. Nc3 g6 6. Bb5+ Bd7 7. a4 Bg7 8. 0-0 0-0 9. Re1 Nc6 10. Nb3 Qc8 11. h3 Rd8 12. Nd5 Nxd5 13. exd5 Ne5 14. Bf1 Re8 15. c3 Qc7 16. Re4 Bc8 17. a5 Nd7 18. Be3 Nf6 19. Rc4 Qd8 20. Rb4 Qc7 21. Qf3 Bd7 22. c4 Reb8 23. c5 Be8 24. Rd1 Nd7 25. Re4 Be5 26. cxd6 Qxd6 27. Nd2 Qc7 28. Nc4 Bd6 29. Nxd6 exd6 30. Bd4 Ne5 31. Qf4 Qe7 32. Bxe5 dxe5 33. Rxe5 Qf8 34. d6 Rd8 35. Re7 Rd7 36. Rde1 Rad8 37. Bb5 1-0

[Event "Marianske Lazne GM-A2 22nd"]
[Site "Marianske Lazne"]
[Date "2024.01.15"]
[Round "3"]
[White "Rasik, Vitezslav"]
[Black "Morris, James"]
[Result "1/2-1/2"]
[WhiteElo "2406"]
[BlackElo "2416"]
[PlyCount "30"]
[EventDate "2024.01.13"]
[EventType "tourn"]
[EventRounds "9"]
[EventCountry "CZE"]
[EventCategory "6"]
[SourceTitle "CB04_2024"]
[SourceDate "2023.10.16"]
[SourceVersion "1"]
[SourceVersionDate "2023.10.16"]
[SourceQuality "1"]

1. e4 c5 2. Nf3 Nc6 3. Bb5 e6 4. 0-0 Nge7 5. b3 Nd4 6. Nxd4 cxd4 7. c3 a6 8. Bd3 Nc6 9. cxd4 d5 10. exd5 Qxd5 11. Bb2 Be7 12. Na3 0-0 13. Nc4 Qd8 14. Qb1 g6 15. d5 exd5 1/2-1/2

[Event "Staufer op 34th"]
[Site "Schwaebisch Gmuend"]
[Date "2024.01.06"]
[Round "9"]
[White "Jurek, Josef"]
[Black "Morris, James"]
[Result "0-1"]
[WhiteElo "2242"]
[BlackElo "2416"]
[PlyCount "70"]
[EventDate "2024.01.02"]
[EventType "swiss"]
[EventRounds "9"]
[EventCountry "GER"]
[SourceTitle "CB02_2024"]
[SourceDate "2024.01.10"]
[SourceVersion "1"]
[SourceVersionDate "2024.01.10"]
[SourceQuality "1"]

1. Nf3 Nf6 2. c4 b6 3. g3 Bb7 4. Bg2 g6 5. b3 Bg7 6. Bb2 0-0 7. 0-0 d6 8. d4 Nbd7 9. Nc3 Ne4 10. Qc2 Nxc3 11. Bxc3 e6 12. e4 Qe7 13. Rfe1 Rae8 14. Rad1 e5 15. d5 Bc8 16. b4 Qd8 17. Bd2 f5 18. exf5 Rxf5 19. Nh4 Rf7 20. Be3 Nf6 21. h3 Ref8 22. c5 Nh5 23. Qd2 Nf4 24. Kh2 g5 25. Bf1 Bh6 26. Nf3 g4 27. Ng1 Nxh3 28. Nxh3 gxh3 29. Re2 Bxe3 30. Qxe3 Bg4 31. Rdd2 Bxe2 32. Rxe2 Rf3 33. Qh6 Rxf2+ 34. Rxf2 Rxf2+ 35. Kg1 Rxf1+ 0-1

[Event "Staufer op 34th"]
[Site "Schwaebisch Gmuend"]
[Date "2024.01.04"]
[Round "5"]
[White "Morris, James"]
[Black "Lesny, Florian"]
[Result "1-0"]
[WhiteElo "2416"]
[BlackElo "2196"]
[PlyCount "73"]
[EventDate "2024.01.02"]
[EventType "swiss"]
[EventRounds "9"]
[EventCountry "GER"]
[SourceTitle "CB02_2024"]
[SourceDate "2024.01.10"]
[SourceVersion "1"]
[SourceVersionDate "2024.01.10"]
[SourceQuality "1"]

1. e4 c5 2. Nf3 d6 3. d4 cxd4 4. Nxd4 Nf6 5. Nc3 a6 6. a4 g6 7. Be2 Bg7 8. Be3 Nc6 9. Nxc6 bxc6 10. e5 dxe5 11. Qxd8+ Kxd8 12. 0-0-0+ Ke8 13. a5 Bg4 14. f3 Be6 15. Na4 Nd5 16. Nb6 Rb8 17. Bc5 Bh6+ 18. Kb1 Ne3 19. Bxa6 Nxd1 20. Rxd1 Rd8 21. Bd3 Bc8 22. Nxc8 Rxc8 23. a6 Kf8 24. a7 Kg7 25. Ba6 Rc7 26. Bb6 Ra8 27. Bxc7 Rxa7 28. Rd7 Rxa6 29. Bxe5+ Kg8 30. Rxe7 f5 31. Re8+ Kf7 32. Rh8 Ke6 33. Rxh7 Kxe5 34. Rxh6 g5 35. Rg6 Kf4 36. b4 Rb6 37. c3 1-0

[Event "Staufer op 34th"]
[Site "Schwaebisch Gmuend"]
[Date "2024.01.04"]
[Round "6"]
[White "Morris, James"]
[Black "Stoettner, Lukas"]
[Result "0-1"]
[WhiteElo "2416"]
[BlackElo "2164"]
[PlyCount "71"]
[EventDate "2024.01.02"]
[EventType "swiss"]
[EventRounds "9"]
[EventCountry "GER"]
[SourceTitle "CB02_2024"]
[SourceDate "2024.01.10"]
[SourceVersion "1"]
[SourceVersionDate "2024.01.10"]
[SourceQuality "1"]

1. e4 c5 2. Nf3 d6 3. d4 cxd4 4. Nxd4 Nf6 5. Nc3 g6 6. g3 Nc6 7. Bg2 Nxd4 8. Qxd4 Bg7 9. 0-0 0-0 10. Qd3 Nd7 11. Nd5 Nc5 12. Qe2 e6 13. Ne3 Qe7 14. c4 a6 15. Rb1 b5 16. e5 Rb8 17. Ng4 dxe5 18. Nxe5 Bb7 19. Nc6 Bxc6 20. Bxc6 b4 21. b3 Rbc8 22. Bf3 a5 23. Be3 Rfd8 24. Rfd1 Rxd1+ 25. Rxd1 Bc3 26. Qc2 Bf6 27. h4 h5 28. Kg2 Kg7 29. Qd2 Be5 30. Bh6+ Kh7 31. Bg5 Bf6 32. Bf4 e5 33. Be3 e4 34. Be2 Rc6 35. Qd5 Rc8 36. Bxh5 0-1

[Event "Sitges Sunway op 10th"]
[Site "Sitges"]
[Date "2023.12.22"]
[Round "10"]
[White "Moussard, Jules"]
[Black "Morris, James"]
[Result "1-0"]
[WhiteElo "2635"]
[BlackElo "2437"]
[PlyCount "59"]
[EventDate "2023.12.12"]
[EventType "swiss"]
[EventRounds "10"]
[EventCountry "ESP"]
[SourceTitle "CB52_2023"]
[SourceDate "2023.12.27"]
[SourceVersion "1"]
[SourceVersionDate "2023.12.27"]
[SourceQuality "1"]

1. e4 c5 2. Nf3 d6 3. d4 cxd4 4. Nxd4 Nf6 5. Nc3 g6 6. Be3 Nc6 7. f3 h5 8. Qd2 Nxd4 9. Bxd4 Bh6 10. Bb5+ Bd7 11. Qd3 Bc6 12. Bc4 e6 13. Nb5 Bf4 14. g3 Be5 15. 0-0-0 a6 16. Bxe5 dxe5 17. Qc3 Nd7 18. Nd6+ Kf8 19. Nxb7 Qb6 20. Nd6 h4 21. Rhf1 a5 22. f4 Qb4 23. fxe5 Qxc3 24. Rxf7+ Kg8 25. bxc3 Nxe5 26. Rc7 Nxc4 27. Nxc4 Bxe4 28. Rdd7 Rh5 29. Nd6 Bf5 30. Nc8 1-0

[Event "Sitges Sunway op 10th"]
[Site "Sitges"]
[Date "2023.12.21"]
[Round "9"]
[White "Morris, James"]
[Black "Ruiz Buendia, Miguel"]
[Result "1-0"]
[WhiteElo "2437"]
[BlackElo "2255"]
[PlyCount "111"]
[EventDate "2023.12.12"]
[EventType "swiss"]
[EventRounds "10"]
[EventCountry "ESP"]
[SourceTitle "CB52_2023"]
[SourceDate "2023.12.27"]
[SourceVersion "1"]
[SourceVersionDate "2023.12.27"]
[SourceQuality "1"]

1. e4 e5 2. Nf3 Nc6 3. Nc3 Nf6 4. a4 d5 5. exd5 Nxd5 6. Bb5 Nxc3 7. bxc3 Bd6 8. 0-0 0-0 9. d4 exd4 10. cxd4 h6 11. h3 Qf6 12. c3 Bf5 13. Re1 Rfe8 14. Be3 a6 15. Bf1 Rad8 16. a5 Ne7 17. Qb3 Nd5 18. Bd2 Be4 19. Rxe4 Rxe4 20. Qxb7 Re7 21. Qxa6 c5 22. Qc4 Rc7 23. Qb3 Ne7 24. a6 Nc6 25. Ra4 Rb8 26. Qa2 Na7 27. Ne5 Bxe5 28. dxe5 Qe6 29. Qxe6 fxe6 30. Bc4 Kf7 31. f4 Ke7 32. Ra2 Kd7 33. f5 exf5 34. e6+ Ke7 35. Bf4 Rb1+ 36. Kf2 Rc8 37. Rd2 Rd8 38. Rxd8 Kxd8 39. Be5 Ke7 40. Bxg7 h5 41. Bh6 Nc8 42. Bd5 Ra1 43. Bg5+ Kd6 44. Bb7 Ne7 45. Bf4+ Kxe6 46. Bb8 Nd5 47. a7 Nb6 48. h4 Ra3 49. Bf3 Nd5 50. c4 Nb6 51. Bc7 Rxf3+ 52. Kxf3 Na8 53. Ba5 Ke5 54. Bc3+ Ke6 55. Kf4 Nc7 56. Kg5 1-0

[Event "Sant Boi de Llobregat op 4th"]
[Site "Sant Boi de Llobregat"]
[Date "2023.11.30"]
[Round "1"]
[White "Selbes, Tarik"]
[Black "Morris, James"]
[Result "1-0"]
[WhiteElo "2238"]
[BlackElo "2453"]
[PlyCount "79"]
[EventDate "2023.11.30"]
[EventType "swiss"]
[EventRounds "9"]
[EventCountry "ESP"]
[SourceTitle "CB50_2023"]
[SourceDate "2023.12.13"]
[SourceVersion "1"]
[SourceVersionDate "2023.12.13"]
[SourceQuality "1"]

1. e4 c5 2. Nf3 d6 3. Bb5+ Nd7 4. 0-0 Ngf6 5. Re1 a6 6. Bf1 b5 7. a4 Bb7 8. axb5 axb5 9. Rxa8 Qxa8 10. Na3 b4 11. Nb5 Qb8 12. d4 e5 13. d5 Be7 14. Nh4 g6 15. Bh6 Nxd5 16. Nf3 N5f6 17. Ng5 Bc6 18. Qd3 Bxb5 19. Qb3 d5 20. exd5 Bxf1 21. Rxf1 Qd6 22. Ra1 Nb6 23. Bg7 Rg8 24. Bxf6 Qxf6 25. Ne4 Qf4 26. Qd3 c4 27. Qe2 Kf8 28. g3 Qf5 29. Ra6 Bd8 30. Ra7 Nc8 31. g4 Qf4 32. Ra8 Kg7 33. Rxc8 b3 34. c3 f5 35. Nc5 Qc1+ 36. Kg2 Bf6 37. Ne6+ Kh8 38. Qxc4 Be7 39. Qc7 Qd1 40. Qxe5+ 1-0

[Event "Budapest Vezerkepzo GM 11"]
[Site "Budapest"]
[Date "2023.11.23"]
[Round "8"]
[White "Morris, James"]
[Black "Xie, Kaifan"]
[Result "1/2-1/2"]
[WhiteElo "2453"]
[BlackElo "2382"]
[PlyCount "96"]
[EventDate "2023.11.16"]
[EventType "tourn"]
[EventRounds "9"]
[EventCountry "HUN"]
[EventCategory "6"]
[SourceTitle "CB48_2023"]
[SourceDate "2023.11.29"]
[SourceVersion "1"]
[SourceVersionDate "2023.11.29"]
[SourceQuality "1"]

1. e4 c6 2. d4 d5 3. exd5 cxd5 4. Bd3 Nc6 5. c3 Nf6 6. h3 e5 7. dxe5 Nxe5 8. Qe2 Qe7 9. Bc2 Qe6 10. Nd2 Bc5 11. Ngf3 Nxf3+ 12. Nxf3 Qxe2+ 13. Kxe2 0-0 14. Rd1 Bd7 15. Nd4 Rfe8+ 16. Be3 Ne4 17. Bb3 Bc6 18. a4 Rad8 19. Kf1 Ng3+ 20. Kg1 Bxd4 21. Bxd4 Ne2+ 22. Kf1 Nxd4 23. Rxd4 Re4 24. Rad1 Rxd4 25. Rxd4 Rd7 26. Ke2 Kf8 27. Kd3 Ke7 28. Rg4 g6 29. Kd4 Rd6 30. Rf4 f6 31. a5 Re6 32. a6 Re2 33. Kc5 d4 34. cxd4 Rxb2 35. Bc4 Bxg2 36. axb7 Rxb7 37. d5 Rc7+ 38. Kd4 g5 39. d6+ Kxd6 40. Rxf6+ Ke7 41. Rh6 Kf8 42. Rh5 Rg7 43. h4 gxh4 44. Rxh4 a5 45. Ke5 Rg5+ 46. Kf6 Rg6+ 47. Ke5 Rg5+ 48. Kf6 Rg6+ 1/2-1/2

[Event "Budapest Vezerkepzo GM 11"]
[Site "Budapest"]
[Date "2023.11.18"]
[Round "3"]
[White "Morris, James"]
[Black "Srikant Koduri, Advaitt"]
[Result "1-0"]
[WhiteElo "2453"]
[BlackElo "2281"]
[PlyCount "79"]
[EventDate "2023.11.16"]
[EventType "tourn"]
[EventRounds "9"]
[EventCountry "HUN"]
[EventCategory "6"]
[SourceTitle "CB48_2023"]
[SourceDate "2023.11.29"]
[SourceVersion "1"]
[SourceVersionDate "2023.11.29"]
[SourceQuality "1"]

1. e4 c5 2. Nf3 d6 3. Bb5+ Bd7 4. c4 e5 5. Nc3 g6 6. d3 Bg7 7. Rb1 Ne7 8. b4 Bxb5 9. cxb5 0-0 10. 0-0 h6 11. Qb3 b6 12. Nd2 Nd7 13. Nc4 cxb4 14. Qxb4 Nc5 15. Ne3 Nxd3 16. Qa3 Nc5 17. Rd1 Qc7 18. Qb4 Rfd8 19. Ncd5 Nxd5 20. Nxd5 Qb7 21. Be3 Rac8 22. a4 Kh7 23. f3 Ne6 24. a5 bxa5 25. Qxa5 Nd4 26. Rd2 Rd7 27. Rdb2 Rc5 28. Qa4 f5 29. b6 fxe4 30. fxe4 Rf7 31. h3 g5 32. Kh2 Kg6 33. Qe8 axb6 34. Rxb6 Qd7 35. Qb8 Bf8 36. Rb7 Qc8 37. Rxf7 Kxf7 38. Qa7+ Kg6 39. Rf1 Rxd5 40. Qf7# 1-0

[Event "Budapest Vezerkepzo GM 11"]
[Site "Budapest"]
[Date "2023.11.16"]
[Round "1"]
[White "Morris, James"]
[Black "Seres, Lajos"]
[Result "0-1"]
[WhiteElo "2453"]
[BlackElo "2350"]
[PlyCount "140"]
[EventDate "2023.11.16"]
[EventType "tourn"]
[EventRounds "9"]
[EventCountry "HUN"]
[EventCategory "6"]
[SourceTitle "CB48_2023"]
[SourceDate "2023.11.29"]
[SourceVersion "1"]
[SourceVersionDate "2023.11.29"]
[SourceQuality "1"]

1. e4 c5 2. Nf3 Nc6 3. Bb5 g6 4. 0-0 Bg7 5. Re1 Nf6 6. c3 0-0 7. d4 d5 8. e5 Ne4 9. Bxc6 bxc6 10. Be3 Rb8 11. Qc1 Qb6 12. b3 cxd4 13. cxd4 f6 14. Nc3 Nxc3 15. Qxc3 Bg4 16. exf6 exf6 17. Bf4 Rbc8 18. Bd6 Rfe8 19. Bc5 Qb7 20. Nd2 Bd7 21. Qg3 Bh6 22. Nf1 Re6 23. Rxe6 Bxe6 24. Re1 Qd7 25. Bxa7 Qxa7 26. Rxe6 Qxd4 27. Qd6 Bf8 28. Qd7 Ra8 29. Re2 Qc5 30. h4 Qd6 31. Qh3 f5 32. Nh2 Bg7 33. Qd3 Bf6 34. Nf3 Kg7 35. h5 c5 36. Rd2 Rd8 37. Qe3 Qe7 38. Qf4 Rd7 39. Qb8 g5 40. Qb5 g4 41. Re2 Qd6 42. Ne1 Re7 43. Rxe7+ Qxe7 44. Nd3 Bd4 45. Qc6 Qe4 46. Qd7+ Kh6 47. Qd6+ Kg5 48. Qd8+ Kxh5 49. g3 Qxd3 50. Qe8+ Kh6 51. Qe6+ Kg7 52. Qe7+ Kg6 53. Qe8+ Kf6 54. Qf8+ Ke6 55. Qe8+ Kd6 56. Qd8+ Kc6 57. Qc8+ Kb6 58. Qb8+ Ka5 59. a3 Bxf2+ 60. Kxf2 Qd2+ 61. Kf1 Qc1+ 62. Ke2 Qxa3 63. Kd1 c4 64. b4+ Ka4 65. b5 Qb3+ 66. Kc1 Qxb5 67. Qa7+ Kb3 68. Qxh7 Qb6 69. Qxf5 Qe3+ 70. Kb1 Qe1# 0-1

[Event "Heraklion Fischer Memorial 9th"]
[Site "Heraklion"]
[Date "2023.11.01"]
[Round "1"]
[White "Kotsinis, Alexandros"]
[Black "Morris, James"]
[Result "0-1"]
[WhiteElo "2141"]
[BlackElo "2453"]
[PlyCount "87"]
[EventDate "2023.11.01"]
[EventType "tourn"]
[EventRounds "9"]
[EventCountry "GRE"]
[EventCategory "6"]
[SourceTitle "CB46_2023"]
[SourceDate "2023.11.15"]
[SourceVersion "1"]
[SourceVersionDate "2023.11.15"]
[SourceQuality "1"]

1. d4 Nf6 2. c4 e6 3. Nf3 Bb4+ 4. Nbd2 d5 5. Qa4+ Nc6 6. a3 Be7 7. e3 a5 8. Bd3 0-0 9. 0-0 Bd7 10. Qc2 a4 11. e4 dxe4 12. Nxe4 Nxe4 13. Bxe4 f5 14. Bd3 Bf6 15. Be3 Na5 16. Rad1 Nb3 17. Ne5 Be8 18. Be2 c5 19. dxc5 Qc7 20. Nd3 Nd4 21. Bxd4 Bxd4 22. Bf3 e5 23. Bd5+ Kh8 24. Nf4 Bd7 25. b4 axb3 26. Qxb3 g5 27. Nh3 h6 28. Qxb7 Ra7 29. Qxc7 Rxc7 30. Rb1 g4 31. Rb6 Bxc5 32. Rxh6+ Kg7 33. Ra6 gxh3 34. gxh3 Rf6 35. Rxf6 Kxf6 36. Ra1 Bd4 37. Rb1 e4 38. Rb3 Ke5 39. Rb7 Rxb7 40. Bxb7 f4 41. Kg2 Bc5 42. h4 Bg4 43. a4 e3 44. f3 0-1

[Event "Gold Coast op"]
[Site "Gold Coast"]
[Date "2023.07.08"]
[Round "6"]
[White "Morris, James"]
[Black "Renjith, Sravan"]
[Result "1-0"]
[WhiteElo "2457"]
[BlackElo "2123"]
[PlyCount "63"]
[EventDate "2023.07.05"]
[EventType "swiss"]
[EventRounds "9"]
[EventCountry "AUS"]
[SourceTitle "CBM 215 Extra"]
[Source "ChessBase"]
[SourceDate "2023.09.30"]
[SourceVersion "1"]
[SourceVersionDate "2023.09.30"]
[SourceQuality "1"]

1. d4 d5 2. c4 e6 3. Nf3 c5 4. cxd5 exd5 5. Nc3 Nc6 6. dxc5 d4 7. Na4 Bxc5 8. Nxc5 Qa5+ 9. Qd2 Qxc5 10. a3 Nge7 11. b4 Qb6 12. Bb2 Nf5 13. g4 Nd6 14. Qf4 Nb5 15. a4 Nc7 16. Nxd4 Qxb4+ 17. Qd2 Qxd2+ 18. Kxd2 Nxd4 19. Bxd4 Bxg4 20. Bxg7 0-0-0+ 21. Ke1 Rhe8 22. Rg1 Bh5 23. Rg5 Rd5 24. Rxd5 Nxd5 25. Rc1+ Kb8 26. Rc5 Bf3 27. Kd2 b6 28. Rb5 a6 29. Rb2 Bg4 30. Bd4 Re6 31. e3 a5 32. Bc4 1-0

[Event "Gold Coast op"]
[Site "Gold Coast"]
[Date "2023.07.06"]
[Round "3"]
[White "Chan, Luis"]
[Black "Morris, James"]
[Result "0-1"]
[WhiteElo "2169"]
[BlackElo "2457"]
[PlyCount "130"]
[EventDate "2023.07.05"]
[EventType "swiss"]
[EventRounds "9"]
[EventCountry "AUS"]
[SourceTitle "CBM 215 Extra"]
[Source "ChessBase"]
[SourceDate "2023.09.30"]
[SourceVersion "1"]
[SourceVersionDate "2023.09.30"]
[SourceQuality "1"]

1. d4 Nf6 2. c4 g6 3. Nc3 d5 4. Nf3 Bg7 5. Qb3 dxc4 6. Qxc4 0-0 7. e4 Nfd7 8. Be3 Nb6 9. Qb3 Bg4 10. Rd1 Nc6 11. d5 Ne5 12. Be2 Nxf3+ 13. gxf3 Bh3 14. Rd2 Qc8 15. Nb5 c6 16. Nxa7 Rxa7 17. Bxb6 Ra8 18. Bc4 cxd5 19. Bxd5 e6 20. Rc2 Qd7 21. Bc4 Qd6 22. Bf1 Bxf1 23. Kxf1 Rxa2 24. Kg2 Rfa8 25. Bc7 Qa6 26. Rd1 Qa4 27. Qxa4 R2xa4 28. Rd7 Rd4 29. Rxd4 Bxd4 30. Rd2 Bf6 31. e5 Bg5 32. Rd4 Rc8 33. Ba5 Bc1 34. Bc3 g5 35. h4 h6 36. Kh3 Kg7 37. hxg5 hxg5 38. Rb4 Rc7 39. Kg4 Kg6 40. Rd4 Rc8 41. Rb4 Bf4 42. Kh3 Rc7 43. Rb5 Kf5 44. Kg2 Rd7 45. Kf1 Kg6 46. Kg2 Kg7 47. Kh3 Kf8 48. Kg4 Ke8 49. Rc5 Rd1 50. Kh3 Kd7 51. Rb5 Kc6 52. Rb4 b5 53. Re4 Kd5 54. Rb4 Kc5 55. Re4 Rc1 56. Kg2 Rc2 57. Bd4+ Kd5 58. Bc3 Bc1 59. Rd4+ Kc5 60. b4+ Kc6 61. Rd6+ Kc7 62. Bd4 Rc6 63. Bc5 Rxd6 64. exd6+ Kc6 65. Kh3 f5 0-1

[Event "Doeberl Cup"]
[Site "Canberra"]
[Date "2023.04.08"]
[Round "5"]
[White "Morris, James"]
[Black "McClymont, Brodie"]
[Result "1/2-1/2"]
[WhiteElo "2462"]
[BlackElo "2414"]
[PlyCount "61"]
[EventDate "2023.04.06"]
[EventType "swiss"]
[EventRounds "9"]
[EventCountry "AUS"]
[SourceTitle "CBM 213 Extra"]
[Source "ChessBase"]
[SourceDate "2023.05.31"]
[SourceVersion "1"]
[SourceVersionDate "2023.05.31"]
[SourceQuality "1"]

1. e4 c5 2. Nc3 Nc6 3. Bb5 g6 4. Nf3 Bg7 5. 0-0 Nd4 6. a4 Nxb5 7. axb5 d6 8. d3 Nf6 9. e5 dxe5 10. Nxe5 Nd5 11. Nxd5 Qxd5 12. Nc4 b6 13. Re1 Bb7 14. Qg4 e6 15. Bf4 0-0 16. Qg3 Qd7 17. Bd6 Rfe8 18. Be5 f6 19. Bc3 Red8 20. Ra3 Bd5 21. h4 Qxb5 22. h5 Bxc4 23. dxc4 Qxc4 24. hxg6 hxg6 25. Qxg6 e5 26. Re4 Qf7 27. Qf5 Qd7 28. Qg6 Qf7 29. Qf5 Qd7 30. Qg6 Qf7 31. Qf5 1/2-1/2

[Event "Oceania zt 3.6"]
[Site "Melbourne"]
[Date "2023.01.27"]
[Round "7"]
[White "Dai, Cheng"]
[Black "Morris, James"]
[Result "0-1"]
[WhiteElo "1972"]
[BlackElo "2456"]
[PlyCount "116"]
[EventDate "2023.01.23"]
[EventType "swiss"]
[EventRounds "9"]
[EventCountry "AUS"]
[SourceTitle "CBM 212 Extra"]
[Source "ChessBase"]
[SourceDate "2023.03.31"]
[SourceVersion "1"]
[SourceVersionDate "2023.03.31"]
[SourceQuality "1"]

1. d4 Nf6 2. c4 e6 3. Nf3 Bb4+ 4. Bd2 Be7 5. Nc3 d5 6. Bg5 c6 7. e3 Nbd7 8. Rc1 h6 9. Bh4 a6 10. cxd5 cxd5 11. Bd3 b5 12. 0-0 0-0 13. Bb1 Bb7 14. h3 Rc8 15. a3 Bd6 16. Ne2 Qb6 17. Bg3 Be7 18. Nc3 Rc6 19. Ne5 Nxe5 20. Bxe5 Rfc8 21. Bxf6 Bxf6 22. Qd3 g6 23. Rc2 Be7 24. Rfc1 b4 25. Na4 Qa5 26. Qb3 Rxc2 27. Bxc2 Rc4 28. axb4 Bxb4 29. Nc3 Rc7 30. Bd3 Bc6 31. Qd1 Qb6 32. Qb3 a5 33. Na2 Kg7 34. Rc2 Ra7 35. Rc1 Rc7 36. Rc2 Bc5 37. Qxb6 Bxb6 38. b4 a4 39. b5 Bd7 40. Rxc7 Bxc7 41. Kf1 Ba5 42. Ke2 Kf6 43. Kd1 e5 44. Kc2 e4 45. Be2 Ke6 46. Kb2 Be1 47. f3 exf3 48. gxf3 Bf2 49. e4 Bxd4+ 50. Ka3 dxe4 51. Bc4+ Ke5 52. fxe4 g5 53. Kxa4 Bxh3 54. Bxf7 g4 55. Nb4 g3 56. Bd5 g2 57. Nc6+ Kd6 58. Nxd4 g1Q 0-1

[Event "Perth op"]
[Site "Perth"]
[Date "2023.01.07"]
[Round "9"]
[White "Vo, Thi Kim Phung"]
[Black "Morris, James"]
[Result "1/2-1/2"]
[WhiteElo "2343"]
[BlackElo "2456"]
[PlyCount "32"]
[EventDate "2023.01.02"]
[EventType "swiss"]
[EventRounds "11"]
[EventCountry "AUS"]
[SourceTitle "CBM 212 Extra"]
[Source "ChessBase"]
[SourceDate "2023.03.31"]
[SourceVersion "1"]
[SourceVersionDate "2023.03.31"]
[SourceQuality "1"]

1. d4 Nf6 2. c4 e6 3. Nc3 Bb4 4. Nf3 0-0 5. e3 d6 6. Bd3 c5 7. 0-0 Nc6 8. Bd2 Qe7 9. a3 Ba5 10. Qc2 h6 11. h3 Re8 12. dxc5 dxc5 13. Ne4 Bxd2 14. Qxd2 b6 15. Rad1 Rd8 16. Qc3 Bb7 1/2-1/2

[Event "Perth op"]
[Site "Perth"]
[Date "2023.01.02"]
[Round "1"]
[White "Morris, James"]
[Black "Yeung, Evan"]
[Result "1-0"]
[WhiteElo "2456"]
[BlackElo "1608"]
[PlyCount "53"]
[EventDate "2023.01.02"]
[EventType "swiss"]
[EventRounds "11"]
[EventCountry "AUS"]
[SourceTitle "CBM 212 Extra"]
[Source "ChessBase"]
[SourceDate "2023.03.31"]
[SourceVersion "1"]
[SourceVersionDate "2023.03.31"]
[SourceQuality "1"]

1. e4 c6 2. Nc3 d5 3. Nf3 d4 4. Ne2 c5 5. c3 Nc6 6. cxd4 cxd4 7. Qa4 Bd7 8. Nexd4 a6 9. Qb3 Nxd4 10. Nxd4 Qc7 11. Nf3 e6 12. d3 Nf6 13. Be2 Be7 14. 0-0 0-0 15. Be3 b5 16. Rac1 Qb7 17. Ne5 Rac8 18. f3 a5 19. d4 a4 20. Qd3 b4 21. Qa6 Qb8 22. Nxd7 Nxd7 23. Qxa4 Nb6 24. Qb5 Qd6 25. d5 Nd7 26. dxe6 Qxe6 27. Bc4 1-0

[Event "Titled Tuesday intern op 23rd Nov"]
[Site "Chess.com INT"]
[Date "2021.11.23"]
[Round "1"]
[White "Marcziter, Dmitrii"]
[Black "Morris, James"]
[Result "0-1"]
[WhiteElo "2259"]
[BlackElo "2464"]
[PlyCount "92"]
[EventDate "2021.11.23"]
[EventType "swiss (blitz)"]
[EventRounds "11"]
[EventCountry "USA"]
[SourceTitle "CBM 205 Extra"]
[Source "ChessBase"]
[SourceDate "2022.01.31"]
[SourceVersion "1"]
[SourceVersionDate "2022.01.31"]
[SourceQuality "1"]

1. e4 Nc6 2. Bb5 d6 3. d4 a6 4. Bc4 Nf6 5. Nc3 e5 6. Nge2 g6 7. 0-0 Bg7 8. f3 0-0 9. Be3 b5 10. Bb3 Bb7 11. a3 exd4 12. Nxd4 Ne5 13. Nde2 Re8 14. Qd2 Nc4 15. Bxc4 bxc4 16. Bh6 Bh8 17. Bg5 Qd7 18. Rad1 Qc6 19. Kh1 Nd7 20. Nd5 f6 21. Be3 Ne5 22. Bd4 Qd7 23. Nec3 Qf7 24. f4 Nc6 25. Bf2 Na7 26. Rde1 Nb5 27. Bh4 Nxc3 28. Nxc3 f5 29. exf5 Qxf5 30. Kg1 Bg7 31. Bf2 h5 32. Bd4 Bh6 33. Rxe8+ Rxe8 34. Re1 Rf8 35. g3 c5 36. Be3 Qd7 37. Rd1 Bg7 38. Qxd6 Qg4 39. Rf1 Qh3 40. Qd2 Re8 41. Bxc5 h4 42. Qf2 hxg3 43. Qxg3 Qf5 44. Ba7 Bxc3 45. bxc3 Re2 46. Bf2 Qe4 0-1